Statistics for Number of Countries by Last Letter

Click here to take the quiz!

General Stats

  • This quiz has been taken 125 times
  • The average score is 10 of 18

Answer Stats

LetterNumber% Correct
Q1
77%
K1
70%
M3
70%
G1
67%
H1
66%
C3
63%
R6
62%
I8
62%
L5
61%
Y8
60%
D9
55%
O12
54%
U6
54%
T2
52%
N25
46%
S17
44%
E14
41%
A74
28%

Score Distribution

Percentile by Number Answered

Percent of People with Each Score

Your Score History

You have not taken this quiz